书目信息 |
| 题名: |
郑成功纪念馆
|
|
| 作者: | 张宗洽 编 | |
| 分册: | ||
| 出版信息: | 北京 文物出版社 1985 |
|
| 页数: | 45页 | |
| 开本: | 19cm | |
| 丛书名: | ||
| 单 册: | ||
| 中图分类: | G268.3 , K825.2 | |
| 科图分类: | ||
| 主题词: | 纪念馆 , 人物--传记--中国 | |
| 电子资源: | ||
| ISBN: | ||
| 000 | 00716nam0 2200277 45 | |
| 001 | 0185003136 | |
| 005 | 20040514093624.2 | |
| 010 | @dCNY0.44 | |
| 091 | @a11068.1394 | |
| 100 | @a19900816d1985 em y0chiy0121 ea | |
| 101 | 0 | @achi |
| 102 | @aCN@b110000 | |
| 105 | @abf z 000yy | |
| 106 | @ar | |
| 200 | 10 | @a郑成功纪念馆@Azheng cheng gong ji nian guan@f张宗洽编 |
| 210 | @a北京@c文物出版社@d1985 | |
| 215 | @a45页@c照片@d19cm | |
| 600 | 0 | @a郑成功@x纪念馆 |
| 606 | @a纪念馆 | |
| 606 | 0 | @a人物@x传记@x中国 |
| 690 | @aG268.3@v3 | |
| 690 | @aK825.2 | |
| 701 | 0 | @a张宗洽@Azhang zong qia@4编 |
| 801 | 0 | @aCN@b深圳图书馆@c20040514 |
| 801 | 2 | @aCN@bNLC@c20040514 |
| 905 | @f2@b216656-657@dK825.2@e137 | |
| 郑成功纪念馆/张宗洽编.-北京:文物出版社,1985 |
| 45页:照片;19cm |
| ISBN :CNY0.44 |
| ● |
| 相关链接 |
|
|
|
|
正题名:郑成功纪念馆
索取号:K825.2/137
 
预约/预借
| 序号 | 登录号 | 条形码 | 馆藏地/架位号 | 状态 | 备注 |
| 1 | 0216656 | 000279950 | 第二借阅区/ [索取号:K825.2/137] | 在馆 | |
| 2 | 0216657 | 000279969 | 密集书库/ [索取号:K825.2/137] | 在馆 | |
| 3 | 0216658 | 000279941 | 第二样本阅览室/ [索取号:K825.2/137] | 在馆 |